000 00522nam a2200205Ia 4500
003 OSt
005 20230615113147.0
008 210423s1971 xx 000 0 und d
040 _cAL
041 _aeng
082 _a361.3
_223
_bIGNG
100 _aIGNOU
_9116135
245 _aGandhian concepts of social work
260 _bIgnou
_c1971
365 _b118
_cINR
650 _aSocial Problems & Services
_9116136
650 _aSocial Work
_9116137
906 _aconcepts ; Gandhian ; social ; work
942 _2ddc
_cBK
999 _c175441
_d175441